000 00792nam a22002537a 4500
999 _c33944
_d33944
001 3261
003 CO-MdFUSB
005 20180622073135.0
008 180213t1965 sp |||||||||| 00| 0 spa d
020 _a84-8169-212-3
040 _aCO-MdFUSB
_bspa
_cCO-MdFUSB
_dCO-MdFUSBC
_erda
041 0 _aspa
_hger
082 0 4 _aG 226.8 J55q
100 1 _aJeremías, Joachim (1900-)
_eautor
245 4 _aLas Parábolas de Jesús
_c / Joachim Jeremia ; Francisco Javier Calvo, Traductor
264 4 _aEstella, Navarra, España :
_b Verbo Divino,
_c©1965
300 _a287 Pag
336 _2rdacontent
_atexto
_btxt
337 _2rdamedia
_asin mediación
_bn
338 _2rdacarrier
_avolumen
_bnc
500 _aTitulo original : Die Gleichnisse Jesu
653 _aParábolas bíblicas
942 _cBK